000 01121nam a2200277Ia 4500
003 OSt
005 20221005105032.0
006 a|||||r|||| 00| 0
007 ta
008 221004b |||||||| |||| 00| 0 hin d
020 _a8185999600 (hbk)
_c350
024 _a97242
037 _b411, 23/03/2009, Swaraj Prakashan
_cTextual
040 _aCRL
_cCRL
_bhin
041 _2hin
_ahin
082 _aO152vN, P7
100 _aचौहान, शिवदान सिंह
245 0 _aहिंदी साहित्य के अस्सी वर्ष
246 _aHiandī sāhitya ke assī varṣha
260 _aदिल्ली
_bस्वराज प्रकाशन भारत
_c2007
300 _a180पृ0
_ccm.
650 _aहिन्दी साहित्य
700 _a शर्मा, विष्णु चंद्र, संपा.
942 _hO152vN, P7
_cTEXL
_2cc
999 _c1014532
_d1014532